000 00386nam a2200121Ia 4500
008 210430s9999 xx 000 0 und d
082 _a294.5924 B5751B
100 _aA.C. Bhaktivedanta Swami Prabhupada
_9129044
245 _aBhagavad-Gita As it is /
_cA.C. Bhaktivedanta Swami Prabhupada
260 _aNew York
_bThe Bhaktivedant a Book Trust
_c1980
300 _a408
942 _cBK
_2ddc
999 _c565240
_d565240